LEADER 01889nam 2200577Ia 450 001 9910452512103321 005 20200520144314.0 010 $a1-282-85688-X 010 $a9786612856884 010 $a0-7735-6461-6 035 $a(CKB)1000000000520937 035 $a(SSID)ssj0000283123 035 $a(PQKBManifestationID)11205289 035 $a(PQKBTitleCode)TC0000283123 035 $a(PQKBWorkID)10341514 035 $a(PQKB)10981231 035 $a(MiAaPQ)EBC3331002 035 $a(MiAaPQ)EBC3245371 035 $a(Au-PeEL)EBL3331002 035 $a(CaPaEBR)ebr10141673 035 $a(CaONFJC)MIL285688 035 $a(OCoLC)929121233 035 $a(EXLCZ)991000000000520937 100 $a19940119d1994 uy 0 101 0 $aeng 135 $aurcn||||||||| 181 $ctxt 182 $cc 183 $acr 200 10$aPrinciples and methods in historical phonology$b[electronic resource] $efrom Proto-Algonkian to Arapaho /$fMarc Picard 210 $aMontreal ;$aBuffalo $cMcGill-Queen's University Press$d1994 215 $ax, 193 p 300 $aBibliographic Level Mode of Issuance: Monograph 311 $a0-7735-1171-7 320 $aIncludes bibliographical references p. [185]-190) and index. 606 $aArapaho language$xPhonology, Historical 606 $aReconstruction (Linguistics)$xMethodology 606 $aGrammar, Comparative and general$xPhonology 608 $aElectronic books. 615 0$aArapaho language$xPhonology, Historical. 615 0$aReconstruction (Linguistics)$xMethodology. 615 0$aGrammar, Comparative and general$xPhonology. 676 $a497/.3 700 $aPicard$b Marc$0956977 801 0$bMiAaPQ 801 1$bMiAaPQ 801 2$bMiAaPQ 906 $aBOOK 912 $a9910452512103321 996 $aPrinciples and methods in historical phonology$92274374 997 $aUNINA LEADER 01637nam 2200337Ia 450 001 996386372103316 005 20200824132746.0 035 $a(CKB)4940000000081835 035 $a(EEBO)2240950401 035 $a(OCoLC)ocm15305326e 035 $a(OCoLC)15305326 035 $a(EXLCZ)994940000000081835 100 $a19870312d1683 uy | 101 0 $aeng 135 $aurbn||||a|bb| 200 14$aThe common accidence examined and explained$b[electronic resource] $eby short questions and answers according to the very words of the book : conducing very much to the ease of the teacher, and the benefit of the learner : being helpful to the better understanding of the rudiments and grounds of grammar, delivered in that and the like introductions to the Latin tongue /$fwritten heretofore, and made use of in Rotheram School, and now published for the profit of young beginners in that and other schools by Charles Hoole .. 210 $aLondon $cPrinted by M.C. for John Clark ...$d1683 215 $a[2], 153, [19] p 300 $a"The construction of the eight parts of speech" (p. 81-134), and "The examples of the English rules grammatically construed" (p. 135-153), each have special t.p. 300 $aReproduction of original in the British Library. 330 $aeebo-0018 606 $aLatin language$xGrammar$vEarly works to 1800 615 0$aLatin language$xGrammar 700 $aHoole$b Charles$f1610-1667.$0793350 801 0$bEAK 801 1$bEAK 801 2$bWaOLN 906 $aBOOK 912 $a996386372103316 996 $aThe common accidence examined and explained$92359054 997 $aUNISA